000 00516nam a2200193Ia 4500
005 20250612145619.0
008 191130s2009##################000#0#eng##
020 _a9780749929763
_qpbk
041 _aeng
082 _a823.92 FLI
100 _aFlint, Shamini
245 _aInspector Singh investigates : a Bali Conspiracy most foul
_cShamini Flint
250 _a1st ed
260 _aLondon
_bHachette Group
_c2009
300 _a294 p.
_c22cm
500 _aIncludes index
650 _aNovel
942 _cENGLISH
999 _c216015
_d216015